000
00206nam a22000857a 4500
008
161128b xxu||||| |||| 00| 0 eng d
100
_9
1489
_a
Ken ham
245
_a
One blood
260
_a
America
_b
Master Books
_c
1999
999
_c
4214
_d
4214